000 00783nam a2200253 a 4500
005 20200104041526.0
008 140303b1999 gw ||||| |||| 00| 0 eng d
040 _aCO-BoIAVH
_cCO-BoIAVH
041 _aeng
044 _agx
082 _a333.7
_bD48b
111 _aInternational Symposium Biodiversity and Development
_cBonn, Germay
_d1999:
245 _aBiodiversity and development
_bexchanging experiences building visions
260 _aBonn
_bGTZ
_c1999
300 _a36 paginas.
650 6 _aBiodiversidad
650 6 _aMedio ambiente
650 6 _aClearing House Mechanism
650 6 _aBioprospección
650 _aAreas protegidas
650 6 _aEcoturísmo
650 6 _aImpacto ambiental
942 _cLIBRO
_2ddc
999 _c1933
_d1933